Suluova'nın Mahalleleri - Statistics

General Stats
  • This quiz has been taken 12 times
  • The average score is 7 of 61
Answer Stats
Hint Answer % Correct
Suluova Akören
67%
Suluova Ata
67%
Suluova Eymir
67%
Suluova Yeni
67%
Suluova Ayrancı
33%
Suluova Beyazıt
33%
Suluova Borsa
33%
Suluova Çeltekmadeni
33%
Suluova Cevizdibi
33%
Suluova Cumhuriyet
33%
Suluova Derebaşalan
33%
Suluova Girne
33%
Suluova Hacıbayram
33%
Suluova Maarif
33%
Suluova Magosa
33%
Suluova Orta
33%
Suluova Saraydüzü
33%
Suluova Şeker
33%
Suluova Alabedir
0%
Suluova Armutlu
0%
Suluova Arucak
0%
Suluova Aşağıkarasu
0%
Suluova Bayırlı
0%
Suluova Bir eylül
0%
Suluova Boyalı
0%
Suluova Çayüstü
0%
Suluova Çukurören
0%
Suluova Dereköy
0%
Suluova Deveci
0%
Suluova Eğribük
0%
Suluova Eraslan
0%
Suluova Fatih
0%
Suluova Gürlü
0%
Suluova Hacıhayta
0%
Suluova Harmanağılı
0%
Suluova Hürriyet
0%
Suluova Kanatpınar
0%
Suluova Kapancı
0%
Suluova Karaağaç
0%
Suluova Kazanlı
0%
Suluova Kerimoğlu
0%
Suluova Kılıçaslan
0%
Suluova Kıranbaşalan
0%
Suluova Kolay
0%
Suluova Kulu
0%
Suluova Küpeli
0%
Suluova Kurnaz
0%
Suluova Kutlu
0%
Suluova Kuzalan
0%
Suluova Oğulbağı
0%
Suluova Ortayazı
0%
Suluova Özalakadı
0%
Suluova Pazar
0%
Suluova Salucu
0%
Suluova Saygılı
0%
Suluova Seyfe
0%
Suluova Soku
0%
Suluova Uzunoba
0%
Suluova Yenidoğan
0%
Suluova Yolpınar
0%
Suluova Yüzbeyi
0%
No matching quizzes found
Score Distribution
Percent of People with Each Score
Percentile by Number Answered
Your Score History
You have not taken this quiz